| 000 | 00454nam a22001817a 4500 | ||
|---|---|---|---|
| 003 | NUST | ||
| 005 | 20210909111213.0 | ||
| 020 | _a 978-3-540-336397 | ||
| 038 | _akhadija | ||
| 082 |
_a025.84 _bBOR |
||
| 100 |
_aBorghoff,U. M _982292 |
||
| 245 |
_aLong - term Preservation of Digital Documents / _cU. M Borghoff, |
||
| 260 |
_aNew York : _bSpringer, _c2006. |
||
| 300 | _a274 p. ; | ||
| 500 | _aHardcover. | ||
| 563 | _ahardcover | ||
| 942 |
_cBK _2ddc |
||
| 999 |
_c32877 _d32877 |
||